00438nam a22001577a 450000500170000000800410001702000110005803500130006904000130008210000240009524500760011926000390019530000170023494200120025199900170026320120130174655.0120130t xxu||||| |||| 00| 0 eng d c000.00 aA-159376 aDPLbENG aNapier, John940415 aBigfoot : The yeti and Sasquatch in Myth and Reality /cby John, Napier aGreat britainbJonathan Capec1972 a240p.c22cms 2ddccEN c61699d61699